Statistics for Random tile quiz

Click here to take the quiz!

General Stats

  • This quiz has been taken 36 times
  • The average score is 59 of 80

Answer Stats

QuestionTileSelect% Correct
Multiples of 7100
100%
Multiples of 713
100%
Multiples of 714
100%
Multiples of 724
100%
Multiples of 732
100%
Multiples of 739
100%
Cities in ChinaAssam
100%
Cities in ChinaBeijing
100%
Cities in ChinaVientiane
100%
Cities in ChinaWuhan
100%
Multiples of 728
96%
Multiples of 747
96%
Multiples of 749
96%
Animals living in AfricaBear
96%
Countries with nuclear weaponsMonaco
96%
Animals living in AfricaMountain Cougar
96%
Multiples of 734
92%
Multiples of 7340
92%
Animals living in AfricaCheetah
92%
Countries with nuclear weaponsDemocratic Republic of the Congo
92%
US states capitalsFairbanks
92%
US states capitalsHilo
92%
Animals living in AfricaLion
92%
Countries with nuclear weaponsNigeria
92%
US states capitalsPort Haven
92%
Cities in ChinaShanghai
92%
Countries with nuclear weaponsSouth Africa
92%
Cities in ChinaSunabarya
92%
Multiples of 742
88%
Countries with nuclear weaponsChina
88%
Animals living in AfricaGazelle
88%
Animals living in AfricaMountain Lion
88%
US states capitalsNome
88%
Countries with nuclear weaponsRussia
88%
Animals living in AfricaImpala
83%
Animals living in AfricaLeopard
83%
Animals living in AfricaLynx
83%
Cities in ChinaPymong
83%
Cities in ChinaXiamen
83%
Cities in ChinaYokohama
83%
Multiples of 763
79%
US states capitalsLexington
79%
US states capitalsNew York City
79%
Cities in ChinaPusan
79%
Multiples of 7770
75%
US states capitalsAnchorage
75%
US states capitalsBaltimore
75%
US states capitalsBoulder
75%
Animals living in AfricaPuma
75%
Animals living in AfricaTiger
75%
Countries with nuclear weaponsUnited Kingdom
75%
Multiples of 735
71%
Cities in ChinaChunghu
71%
Countries with nuclear weaponsIndia
71%
Countries with nuclear weaponsNorth Korea
71%
Animals living in AfricaOstrich
71%
US states capitalsCleveland
67%
Countries with nuclear weaponsFrance
67%
Countries with nuclear weaponsIsrael
67%
Countries with nuclear weaponsPakistan
67%
Countries with nuclear weaponsJapan
63%
Animals living in AfricaOcelot
63%
Cities in ChinaNiang Zanmg
58%
US states capitalsBoston
54%
Animals living in AfricaJaguar
54%
US states capitalsColumbus
46%
US states capitalsHartford
42%
Animals living in AfricaHawk
42%
Cities in ChinaYo Xiao Mingh Chi
42%
Multiples of 7112
38%
US states capitalsCheyenne
33%
US states capitalsConcord
33%
US states capitalsSpringfield
33%
Animals living in AfricaGolden Eagle
29%
Cities in ChinaLhasa
17%
Countries with nuclear weaponsTurkey
13%
Countries with nuclear weaponsBelgium
8%
Countries with nuclear weaponsNetherlands
8%
Cities in ChinaSumil
8%
Cities in ChinaIfghau
4%

Score Distribution

Percentile by Number Answered

Percent of People with Each Score

Your Score History

You have not taken this quiz